000 00516nam a2200193 i 4500
001 97914
003 ES-MaACL
005 20230906182200.0
007 t|
008 050719s1927 fr ||||1| fre d
100 1 _aMaritain, Jacques.
_976903
245 1 0 _aPrimauté du spirituel /
_cJacques Maritain.
260 _aParis :
_bPlon,
_c1927.
300 _a214 p. ;
_c20 cm.
490 1 _aLe Roseau d'or ;
_v19
830 0 _aLe Roseau d'or ;
_v19
_9184444
852 _aES-MaACL
_jB-6004
999 _c97914
_d97914